00310nam a2200121Ia 4500003000400000008004100004082001700045100001700062245005800079260002500137300000800162650001800170OSt191201s2005 xx 000 0 und d a650.144bBLG aBLOCK, Jay A 0aGreat Answers, Great Questions For Your Job Interview aNew DelhibTMHc2005 a200 aGeneral Books